Normal view
MARC view
Entry Personal Name
001 - CONTROL NUMBER
- control field: 7940
003 - CONTROL NUMBER IDENTIFIER
- control field: ARRUPE
005 - DATE AND TIME OF LATEST TRANSACTION
- control field: 20140205105556.0
008 - FIXED-LENGTH DATA ELEMENTS
- fixed length control field: 140205|| aca||aabn | a|a d
040 ## - CATALOGING SOURCE
- Original cataloging agency: ARRUPE
- Transcribing agency: ARRUPE
100 ## - HEADING--PERSONAL NAME
- Personal name: Carter, Warren,
- Dates associated with a name: 1955-
670 ## - SOURCE DATA FOUND
- Source citation: Work cat.: (ARRUPE)0: Carter, Warren, 1955-, What are they saying about Matthew's Sermon on the mount? /, c1994.